|
|
|
|
| LEADER |
01110nam a2200253 a 4500 |
| 001 |
14880043 |
| 008 |
100711r20092002njua 001 0 eng d |
| 010 |
|
|
|a 2007276502
|
| 020 |
|
|
|a 9788126517039
|
| 020 |
|
|
|a 9780470105542 (pbk. : alk. paper)
|
| 040 |
|
|
|a DLC
|c DLC
|d DLC
|d BD-DhAAL
|
| 082 |
0 |
0 |
|a 005.13/3
|2 22
|
| 100 |
1 |
|
|a Horstmann, Cay S.,
|d 1959-
|
| 245 |
1 |
0 |
|a Big Java :
|b compatible with JAVA 5 & 6 /
|c Cay Horstmann.
|
| 250 |
|
|
|a 3rd ed.
|
| 260 |
|
|
|a Hoboken, N.J. ;
|a New Delhi :
|b J. Wiley & Sons,
|c c2002.[Reprinted 2009]
|
| 300 |
|
|
|a xxxvii, 1204 p. :
|b col. ill. ;
|c 24 cm.
|
| 500 |
|
|
|a Includes index.
|
| 541 |
1 |
|
|e 00020603
|
| 650 |
|
0 |
|a Java (Computer program language)
|
| 852 |
4 |
|
|a Ayesha Abed Library
|j General shelf
|
| 999 |
|
|
|c 9335
|d 9335
|
| 952 |
|
|
|0 0
|1 0
|2 ddc
|4 0
|6 005_133000000000000_HOR_2009
|7 0
|9 11884
|a BRACUL
|b BRACUL
|c GEN
|d 2010-09-20
|l 13
|m 87
|o 005.133 HOR
|p 3010020603
|r 2025-12-30
|s 2025-07-31
|t 1
|w 2010-09-20
|y BK
|
| 952 |
|
|
|0 0
|1 0
|2 ddc
|4 0
|6 005_133000000000000_HOR_2009
|7 0
|9 13670
|a BRACUL
|b BRACUL
|c GEN
|d 2010-12-26
|l 4
|m 52
|o 005.133 HOR
|p 3010020604
|q 2017-08-15
|r 2014-02-09
|s 2014-02-09
|t 2
|w 2010-12-26
|y BK
|